Emetteurs de petite puissance sur ondes courtes /

Spremljeno u:
Bibliografski detalji
Glavni autor: Cliquet Édouard
Daljnji autori: Laviolette Ronald
Format: Knjiga
Jezik:Vietnamese
Izdano: Paris : Technique & vulgarisation , 1948
Teme:
Oznake: Dodaj oznaku
Bez oznaka, Budi prvi tko označuje ovaj zapis!
Thư viện lưu trữ: Thư viện Trường CĐ Kỹ Thuật Cao Thắng
LEADER 00638nam a2200193 a 4500
001 TVCDKTCT2170
003 Thư viện trường Cao đẳng Kỹ thuật Cao Thắng
005 20050815000000
008 050815
980 \ \ |a Thư viện Trường CĐ Kỹ Thuật Cao Thắng 
024 |a RG_1 #1 eb0 i1 
041 0 # |a vie 
082 # # |a 621.3 /   |b Cl300-e 
100 1 # |a Cliquet Édouard 
245 0 0 |a Emetteurs de petite puissance sur ondes courtes /  |c Cliquet Édouard, Laviolette Ronald 
260 # # |a Paris :  |b Technique & vulgarisation ,  |c 1948 
300 # # |a 281tr. ;  |c 20cm 
650 # 4 |a Viễn thông 
700 0 # |a Laviolette Ronald